000 00473ntaaa2200193 4500
003 01
005 20251027202044.0
008 0714s1973 ag 01
040 _aAR-BaBN
_bspa
_cAR-BaBN
_eaacr
_dRIC
082 _a251.0200 F19
100 _aFallis, William J
_913335
245 _aBroadman sermon outlines
250 _a1 ed.
260 _aNashville :
_bBroadman Press,
_c1960
300 _a64 p
650 _abosquejos-sermones
650 _asermones
_9362
942 _cBK
999 _c15357
_d15357